000 00696nam a2200241Ia 4500
003 OSt
005 20220927105058.0
006 a|||||r|||| 00| 0
007 ta
008 220926b |||||||| |||| 00| 0 eng d
024 _a159646
037 _cReference Collections
040 _aRTL
_cRTL
_beng
041 _2eng
_aeng
082 _a"X71m242,N69.N78, L8"
110 _aHARYANA (Govt. of-)
_9370037
245 0 _aHaryana budget a glance 1977-78. Govt. of Haryana
260 _aChandigarh
_bGovt. Press
_c1977
300 _a423p
_ccm.
700 _aHARYANA (Govt. of-)
_9370038
942 _h"X71m242,N69.N78, L8"
_cCC
999 _c690570
_d690570